[Event "HUN-chT2 Asztalos 0910"]
[Site "Hungary"]
[Date "2009.12.20"]
[Round "4"]
[White "Csernai, Tibor"]
[Black "Mausz, Marton"]
[Result "1-0"]
[WhiteElo "1769"]
[BlackElo "1663"]
[PlyCount "83"]
[EventDate "2009.11.08"]
[EventType "team-tourn"]
[EventRounds "11"]
[EventCountry "HUN"]
[SourceTitle "EXT 2011"]
[Source "ChessBase"]
[SourceDate "2010.11.26"]
[SourceVersion "1"]
[SourceVersionDate "2010.11.26"]
[SourceQuality "1"]
[WhiteTeam "Baja"]
[BlackTeam "Mohacs"]
[WhiteTeamCountry "HUN"]
[BlackTeamCountry "HUN"]

1. d4 Nf6 2. Nf3 g6 3. c4 Bg7 4. Nc3 d5 5. Bf4 Nc6 6. Nb5 0-0 7. e3 a6 8. Nxc7 e5 9. dxe5 Qxc7 10. exf6 Qa5+ 11. Qd2 Bxf6 12. Qxa5 Nxa5 13. cxd5 Bxb2 14. Rb1 Bc3+ 15. Nd2 Bf5 16. Rc1 Rac8 17. f3 Rfe8 18. g4 Bd7 19. e4 b5 20. Be2 f6 21. 0-0 f5 22. gxf5 gxf5 23. Bd3 fxe4 24. fxe4 Nb7 25. Kh1 Bd4 26. Rxc8 Bxc8 27. Nf3 Bc3 28. e5 Nd8 29. Rc1 b4 30. Bc4 Bb7 31. Rg1+ Kh8 32. Rg3 a5 33. Kg1 a4 34. Kf2 b3 35. axb3 a3 36. b4 Bxb4 37. e6 Bc3 38. Be5+ Bxe5 39. Nxe5 Bc8 40. Ke2 Rg8 41. Rxg8+ Kxg8 42. e7 1-0

[Event "HUN-chT2 Asztalos 0910"]
[Site "Hungary"]
[Date "2009.11.08"]
[Round "1"]
[White "Toth, Balazs"]
[Black "Csernai, Tibor"]
[Result "0-1"]
[WhiteElo "1810"]
[BlackElo "1769"]
[PlyCount "142"]
[EventDate "2009.11.08"]
[EventType "team-tourn"]
[EventRounds "11"]
[EventCountry "HUN"]
[SourceTitle "EXT 2011"]
[Source "ChessBase"]
[SourceDate "2010.11.26"]
[SourceVersion "1"]
[SourceVersionDate "2010.11.26"]
[SourceQuality "1"]
[WhiteTeam "Pannonpower II"]
[BlackTeam "Baja"]
[WhiteTeamCountry "HUN"]
[BlackTeamCountry "HUN"]

1. d4 d5 2. c4 dxc4 3. Nf3 e6 4. e4 Bb4+ 5. Nc3 Bxc3+ 6. bxc3 h6 7. Bxc4 Nf6 8. Ba3 Nxe4 9. Qd3 Nd6 10. Bb3 Qf6 11. Ba4+ Bd7 12. Bxd7+ Nxd7 13. 0-0 0-0 14. Bxd6 cxd6 15. Nd2 d5 16. Qg3 Rfc8 17. Rab1 b6 18. Qd6 Qd8 19. Qg3 Qg5 20. Qd3 Qe7 21. Rb2 Qa3 22. Rc2 a6 23. Nb1 Qd6 24. Re1 b5 25. Rb2 Nb6 26. Rb3 Rc6 27. h3 Rac8 28. Rc1 Qf4 29. Rc2 Qc7 30. g3 Rc4 31. a3 Na4 32. Qd2 Nb6 33. Qd3 Ra4 34. Rb4 Rxb4 35. axb4 Qc4 36. Qd2 Na4 37. Qc1 Qd3 38. Kg2 Nb6 39. Rd2 Qe4+ 40. Kh2 Qf3 41. Rc2 Na4 42. Qd2 Nb6 43. Na3 Nc4 44. Nxc4 Rxc4 45. Qc1 Kf8 46. Qe3 Qxe3 47. fxe3 Ke7 48. Kg2 Kd6 49. Kf3 e5 50. Ke2 e4 51. Kd2 f5 52. Ra2 Rc6 53. Ra1 Ke6 54. Rf1 Kf6 55. g4 g6 56. gxf5 gxf5 57. Rg1 Kf7 58. Rg2 Rg6 59. Rxg6 Kxg6 60. Ke2 Kg5 61. Kf2 f4 62. exf4+ Kxf4 63. Ke2 Kg3 64. h4 Kxh4 65. Ke3 Kg3 66. Ke2 h5 67. Kf1 h4 68. Kg1 Kf3 69. Kf1 h3 70. Kg1 Ke2 71. Kh2 Kd2 0-1

[Event "Paks op"]
[Site "Paks"]
[Date "2008.07.30"]
[Round "1"]
[White "Molnar, Bela"]
[Black "Csernai, Tibor"]
[Result "1-0"]
[WhiteElo "2361"]
[BlackElo "1818"]
[PlyCount "37"]
[EventDate "2008.07.30"]
[EventType "swiss"]
[EventRounds "7"]
[EventCountry "HUN"]
[SourceTitle "EXT 2011"]
[Source "ChessBase"]
[SourceDate "2010.11.26"]
[SourceVersion "1"]
[SourceVersionDate "2010.11.26"]
[SourceQuality "1"]

1. e4 e5 2. Bc4 Nf6 3. d4 Bb4+ 4. c3 Ba5 5. dxe5 Ng8 6. Qd5 Bxc3+ 7. Nxc3 Qe7 8. Nf3 h6 9. 0-0 Nc6 10. Bf4 Qe6 11. Nb5 Kd8 12. Qc5 Qe7 13. Nd6 cxd6 14. exd6 Qf8 15. Ne5 Nxe5 16. Bxe5 Nf6 17. Rac1 Ne8 18. Ba6 b6 19. Qxc8+ 1-0